Normal view
MARC view
Entry Personal Name
001 - CONTROL NUMBER
- control field: 8756
003 - CONTROL NUMBER IDENTIFIER
- control field: ARRUPE
005 - DATE AND TIME OF LATEST TRANSACTION
- control field: 20140218175518.0
008 - FIXED-LENGTH DATA ELEMENTS
- fixed length control field: 140218|| aca||aabn | a|a d
040 ## - CATALOGING SOURCE
- Original cataloging agency: ARRUPE
- Transcribing agency: ARRUPE
100 ## - HEADING--PERSONAL NAME
- Personal name: McBain, E.D.
670 ## - SOURCE DATA FOUND
- Source citation: Work cat.: (ARRUPE): McBain, E.D., An 87th. precinct Mystery, 1983